[Event "FIDE World Rapid 2014"]
[Site "Dubai UAE"]
[Date "2014.06.18"]
[Round "13.48"]
[White "Sriram, Jha"]
[Black "Savchenko, Boris"]
[Result "0-1"]
[WhiteTitle "GM"]
[BlackTitle "GM"]
[WhiteElo "2375"]
[BlackElo "2581"]
[WhiteFideId "5001668"]
[BlackFideId "4147332"]
[EventDate "2014.06.16"]

1. d4 d5 2. c4 e6 3. Nc3 c6 4. Nf3 dxc4 5. e3 b5 6. a4 Bb4 7. Bd2 Bb7 8. axb5
Bxc3 9. Bxc3 cxb5 10. b3 a5 11. bxc4 b4 12. Bb2 Nf6 13. Bd3 O-O 14. O-O Nbd7 15.
Qc2 Qc7 16. e4 e5 17. c5 Rfc8 18. Rfc1 exd4 19. Bxd4 h6 20. e5 Nd5 21. Bh7+ Kh8
22. Be4 Ra6 23. Bd3 Re6 24. Bf5 Rce8 25. Bxe6 Rxe6 26. Qf5 Kg8 27. Nd2 Ne7 28.
Qh3 Ng6 29. c6 Nf4 30. Qf3 Rxc6 31. Rxc6 Qxc6 32. Qxc6 Bxc6 33. Be3 Nxg2 34.
Rxa5 Kh7 35. Ra6 Nxe3 36. fxe3 Bd5 37. Rd6 Be6 38. Rd4 b3 39. Nxb3 Nxe5 40. Nd2
g5 41. Re4 Ng6 42. Kf2 h5 43. Nf3 Kh6 44. Nd4 Bh3 45. Re8 h4 46. Nf3 Be6 47. Nd4
Bd7 48. Rd8 Ne5 49. Nf3 Ng4+ 50. Ke2 Bb5+ 51. Kd2 f6 52. Nd4 Bf1 53. Nf5+ Kg6
54. e4 h3 55. Rg8+ Kf7 56. Rg7+ Kf8 57. Rh7 Nxh2 58. Ke3 Kg8 59. Rg7+ Kh8 60.
Kf2 Bd3 61. Re7 Ng4+ 62. Kg3 h2 63. Kg2 h1=Q+ 64. Kxh1 Bxe4+ 65. Rxe4 Nf2+ 66.
Kg2 Nxe4 67. Kf3 Nc5 68. Kg4 Ne4 69. Kf3 Nc3 70. Kg4 Nd5 71. Kh5 Nf4+ 72. Kg4
Kh7 73. Ne7 Ng6 74. Nd5 Kg7 75. Kf5 Nh4+ 76. Kg4 Kf7 77. Nc7 Kg6 78. Nd5 f5+ 79.
Kg3 Kf7 80. Nc7 Ng6 81. Kf3 Ne5+ 82. Ke3 Kg6 83. Kd4 Ng4 84. Nd5 f4 85. Kd3 Kf5
86. Ne7+ Kf6 87. Nd5+ Ke5 88. Nb4 f3 89. Nc2 Kf4 90. Nd4 Nf2+ 91. Kd2 g4 92. Ke1
Ne4 0-1

[Event "FIDE World Rapid 2014"]
[Site "Dubai UAE"]
[Date "2014.06.18"]
[Round "13.49"]
[White "Al Qudaimi, Basheer"]
[Black "Moradiabadi, Elshan"]
[Result "1-0"]
[WhiteTitle "IM"]
[BlackTitle "GM"]
[WhiteElo "2396"]
[BlackElo "2586"]
[WhiteFideId "9400346"]
[BlackFideId "12501255"]
[EventDate "2014.06.16"]

1. e4 e5 2. Nf3 Nc6 3. d4 exd4 4. Nxd4 Nf6 5. Nxc6 bxc6 6. e5 Qe7 7. Qe2 Nd5 8.
c4 Nb6 9. b3 Qe6 10. g3 a5 11. a4 Bb4+ 12. Bd2 Bxd2+ 13. Nxd2 O-O 14. Bg2 f6 15.
O-O Qxe5 16. Qxe5 fxe5 17. Rfe1 Re8 18. f4 d5 19. cxd5 cxd5 20. fxe5 Bb7 21.
Rac1 Re7 22. Rc5 c6 23. Bh3 Ra6 24. Nf3 Na8 25. Nd4 g6 26. e6 Kf8 27. Rf1+ Kg7
28. Rc2 Rb6 29. Rcf2 c5 30. Rf7+ Rxf7 31. exf7 Kf8 32. Ne6+ Rxe6 33. Bxe6 Nc7
34. Bd7 d4 35. Rc1 d3 36. Kf2 d2 37. Rd1 Bd5 38. Rxd2 Bxb3 39. Bc6 Bxf7 40. Rd8+
Kg7 41. Rd7 Ne6 42. Bd5 Kf6 43. Bxe6 Bxe6 44. Ra7 Ke5 45. Ke3 Kd5 46. Rxa5 Kc4
47. Kd2 Kd4 48. Ra7 h5 49. a5 c4 50. a6 c3+ 51. Kc1 Bh3 52. Rg7 1-0

[Event "FIDE World Rapid 2014"]
[Site "Dubai UAE"]
[Date "2014.06.18"]
[Round "13.50"]
[White "Gundavaa, Bayarsaikhan"]
[Black "Breckenridge, Steven James"]
[Result "1-0"]
[WhiteTitle "GM"]
[BlackTitle "FM"]
[WhiteElo "2501"]
[BlackElo "2299"]
[WhiteFideId "4901045"]
[BlackFideId "2043700"]
[EventDate "2014.06.16"]

1. d4 Nf6 2. c4 e6 3. Nc3 Bb4 4. Qc2 O-O 5. Nf3 c5 6. dxc5 Na6 7. c6 bxc6 8. e3
d5 9. a3 Bxc3+ 10. Qxc3 Ne4 11. Qc2 Qa5+ 12. Nd2 f5 13. Be2 Qb6 14. b4 c5 15. b5
Nc7 16. a4 a5 17. Nxe4 fxe4 18. Ba3 Rf7 19. cxd5 exd5 20. Qxc5 Qg6 21. Qd6 Be6
22. O-O h5 23. Qe5 h4 24. Bh5 Rf5 25. Bxg6 Rxe5 26. Bd6 Rg5 27. Bxe4 Nxb5 28.
Bf4 Rg4 29. Bf3 Rxf4 30. exf4 Nc3 31. Rfe1 Kf7 32. Rac1 Rc8 33. f5 Bxf5 34. Rxc3
Rxc3 35. Bxd5+ Kf6 36. h3 Ra3 37. Bc6 Bc2 38. Rc1 Bxa4 39. Rc4 Ra1+ 40. Kh2 Bb3
41. Rxh4 a4 42. Rb4 Ke5 43. h4 Kd6 44. Bxa4 Bxa4 45. Rg4 Ke5 46. Rxg7 Bc2 47. h5
Kf6 48. h6 Ra5 49. g4 Rg5 50. Rc7 Rxg4 51. Rxc2 Rh4+ 52. Kg3 Rh1 53. Rc7 Kg5 54.
h7 Kf5 55. f3 Kg5 56. Kg2 Rh4 57. Kg3 Rh1 58. Kf2 Kf5 59. Ke3 Ke5 60. Kf2 Kf5
61. Kg2 Rh4 62. Kg3 Rh1 63. f4 Kf6 64. Kg4 Rg1+ 65. Kf3 Rh1 66. Ke4 Re1+ 67. Kd5
Rh1 68. Rd7 Rd1+ 69. Kc6 Rc1+ 70. Kd6 Rh1 71. Kc7 Rc1+ 72. Kd8 1-0

[Event "FIDE World Rapid 2014"]
[Site "Dubai UAE"]
[Date "2014.06.18"]
[Round "13.51"]
[White "Fier, Alexandr"]
[Black "Othman, A. Moussa"]
[Result "1-0"]
[WhiteTitle "GM"]
[BlackTitle "FM"]
[WhiteElo "2580"]
[BlackElo "2275"]
[WhiteFideId "2107139"]
[BlackFideId "9300155"]
[EventDate "2014.06.16"]

1. e4 d6 2. d4 g6 3. Nc3 Bg7 4. f4 Nd7 5. Nf3 c5 6. d5 a6 7. a4 Ngf6 8. Bd3 O-O
9. O-O Ne8 10. Qe1 Rb8 11. Kh1 Nc7 12. Ng5 b5 13. axb5 Nxb5 14. Bd2 Nd4 15. b3
c4 16. bxc4 Nc5 17. Rd1 Rb2 18. e5 Nxc2 19. Bxc2 Rxc2 20. Nge4 Nd3 21. Qe2 Nb2
22. Rc1 Rxc1 23. Bxc1 Nxc4 24. Qxc4 dxe5 25. fxe5 Bxe5 26. Bh6 Re8 27. Ng5 Bf5
28. Nce4 Qc8 29. Qe2 Qd7 30. Nxf7 Qxd5 31. Nxe5 Qxe5 32. Qc4+ Be6 33. Qc3 Qxc3
34. Nxc3 Bc4 35. Rf4 Rc8 36. h3 a5 37. Na4 Bf7 38. Nb6 Rc5 39. Re4 Rb5 40. Nd7
Rh5 41. Be3 Rd5 42. Rxe7 Rd6 43. Ne5 Re6 44. Rxe6 Bxe6 45. Bc5 Kg7 46. Be7 a4
47. Kg1 Bd5 48. g4 h6 49. h4 h5 50. g5 Be4 51. Kf2 Bb1 52. Ke3 Bf5 53. Kd4 Bb1
54. Kc3 Bf5 55. Kb4 Bc2 56. Kb5 Kg8 57. Ba3 Kg7 58. Kc6 Bb1 59. Kd7 Bc2 60. Ke8
Be4 61. Ke7 Bc2 62. Bb2 Kh7 63. Nd7 a3 64. Bxa3 Kg7 65. Bb2+ Kg8 66. Nf6+ Kg7
67. Nxh5+ Kg8 68. Nf6+ Kg7 69. Ne8+ Kg8 70. Bg7 Ba4 71. Bh6 Bb3 72. Nf6+ Kh8 73.
Kf8 1-0

[Event "FIDE World Rapid 2014"]
[Site "Dubai UAE"]
[Date "2014.06.18"]
[Round "14.4"]
[White "Bacrot, Etienne"]
[Black "Karjakin, Sergey"]
[Result "0-1"]
[WhiteTitle "GM"]
[BlackTitle "GM"]
[WhiteElo "2720"]
[BlackElo "2771"]
[WhiteFideId "605506"]
[BlackFideId "14109603"]
[EventDate "2014.06.16"]

1. d4 Nf6 2. c4 e6 3. Nf3 b6 4. g3 Ba6 5. Qc2 Bb7 6. Bg2 c5 7. d5 exd5 8. cxd5
Nxd5 9. O-O Nc6 10. Rd1 Be7 11. Qf5 Nf6 12. e4 g6 13. Qf4 O-O 14. e5 Nh5 15. Qh6
Nd4 16. Nxd4 Bxg2 17. Kxg2 cxd4 18. Rxd4 Qc7 19. Nc3 Qxe5 20. Rxd7 Qe6 21. Rd1
Rad8 22. Rxd8 Rxd8 23. Qe3 Ng7 24. Qxe6 Nxe6 25. Be3 f5 26. Rd1 Rxd1 27. Nxd1
Kf7 28. Kf3 Nc5 29. Nc3 Ke6 30. Ke2 a6 31. f3 b5 32. b3 Nd7 33. Nd1 Nf6 34. Nf2
Nd5 35. Bd2 Nb4 36. Bxb4 Bxb4 37. Nd3 Bf8 38. Nf4+ Ke5 39. Kd3 Bc5 40. Ne2 Bf2
41. h3 Kd6 42. g4 Ke5 43. f4+ Ke6 44. g5 Bc5 45. Nd4+ Kd5 46. Ne2 Bd6 47. Nc3+
Kc5 48. Ne2 a5 49. Kc3 Bb8 50. Kd3 Kb4 51. Kc2 Ka3 52. Kb1 a4 53. bxa4 Kxa4 54.
Nc3+ Kb4 55. Nd5+ Kc5 56. Nf6 Bxf4 57. Nxh7 Bd6 58. Kc2 Be7 59. h4 Kd5 60. Kd3
Ke6 61. Kd4 b4 62. Kc4 Kf7 63. Nf6 Bxf6 64. gxf6 f4 65. Kd4 Kxf6 66. Ke4 g5 0-1

[Event "FIDE World Rapid 2014"]
[Site "Dubai UAE"]
[Date "2014.06.18"]
[Round "14.8"]
[White "Le, Quang Liem"]
[Black "Jobava, Baadur"]
[Result "1-0"]
[WhiteTitle "GM"]
[BlackTitle "GM"]
[WhiteElo "2712"]
[BlackElo "2713"]
[WhiteFideId "12401137"]
[BlackFideId "13601520"]
[EventDate "2014.06.16"]

1. d4 Nf6 2. Nf3 c6 3. Bf4 d6 4. h3 h6 5. Nbd2 Bf5 6. e3 e6 7. Be2 Be7 8. c4
Nbd7 9. Bh2 O-O 10. O-O Re8 11. b4 Bf8 12. Qb3 Ne4 13. Nxe4 Bxe4 14. Nd2 Bh7 15.
Rac1 a5 16. a3 e5 17. Rfe1 Qf6 18. Bg4 a4 19. Qd1 Qd8 20. c5 exd4 21. exd4 Rxe1+
22. Qxe1 Nf6 23. Bf3 dxc5 24. dxc5 Qd3 25. Nc4 Re8 26. Qd1 Qb3 27. Qd4 Bd3 28.
Na5 Qxa3 29. Ra1 Rd8 30. Qxf6 Re8 31. Qd4 1-0

[Event "FIDE World Rapid 2014"]
[Site "Dubai UAE"]
[Date "2014.06.18"]
[Round "14.9"]
[White "Eljanov, Pavel"]
[Black "Naiditsch, Arkadij"]
[Result "1-0"]
[WhiteTitle "GM"]
[BlackTitle "GM"]
[WhiteElo "2723"]
[BlackElo "2705"]
[WhiteFideId "14102951"]
[BlackFideId "4650891"]
[EventDate "2014.06.16"]

1. d4 Nf6 2. c4 e6 3. Nf3 Bb4+ 4. Nbd2 b6 5. a3 Bxd2+ 6. Qxd2 Bb7 7. e3 a5 8. b3
O-O 9. Be2 d5 10. O-O Nbd7 11. Bb2 c5 12. Rfd1 Rc8 13. Rac1 Qe7 14. a4 Ne4 15.
Qc2 cxd4 16. Bxd4 dxc4 17. Bxc4 Nd6 18. Qb2 Bxf3 19. gxf3 e5 20. Bc3 Nxc4 21.
bxc4 Rc6 22. Qb5 Rg6+ 23. Kf1 Nc5 24. Rd5 Qh4 25. Bxe5 h5 26. Bd6 Qh3+ 27. Ke2
Rf6 28. Bf4 Rxf4 29. exf4 Ne6 30. f5 Nf4+ 31. Ke3 Nxd5+ 32. cxd5 Qxh2 33. Rc4 h4
34. Qxb6 h3 35. f6 Qe5+ 36. Re4 Qc3+ 37. Kf4 h2 38. Qb1 Qxf6+ 39. Kg3 Qd6+ 40.
Kg2 f5 41. Rh4 Qxd5 42. Rxh2 Qc4 43. Qb6 Qf7 44. Rh3 f4 45. Qxa5 Qg6+ 46. Kh2
Qd3 47. Qh5 Qf5 48. Qg4 Rf6 49. Rh5 Qxg4 50. fxg4 Rc6 51. Kg2 Rc4 52. a5 Rc3 53.
Kf1 Ra3 54. Ke2 Kf7 55. Rb5 Ke6 56. f3 Re3+ 57. Kf2 Ra3 58. Rb6+ Ke5 59. Rb5+
Ke6 60. Rg5 Ra2+ 61. Ke1 Kf6 62. Rf5+ Ke6 63. Kd1 g6 64. Rc5 Ra3 65. Ke2 Re3+
66. Kf2 Ra3 67. Rc6+ Kf7 68. a6 Ra2+ 69. Ke1 Kg7 70. Rc7+ Kf6 71. a7 Ke5 72. Kd1
Kd4 73. Kc1 Ke3 74. Kb1 Ra6 75. Kb2 Kxf3 76. Rc3+ Kxg4 77. Ra3 Rxa7 78. Rxa7 g5
79. Kc2 Kg3 80. Kd2 f3 81. Ke3 g4 82. Rg7 1-0

[Event "FIDE World Rapid 2014"]
[Site "Dubai UAE"]
[Date "2014.06.18"]
[Round "14.10"]
[White "Nguyen, Ngoc Truong Son"]
[Black "Vallejo Pons, Francisco"]
[Result "1/2-1/2"]
[WhiteTitle "GM"]
[BlackTitle "GM"]
[WhiteElo "2621"]
[BlackElo "2698"]
[WhiteFideId "12401110"]
[BlackFideId "2205530"]
[EventDate "2014.06.16"]

1. d4 d5 2. c4 e6 3. Nc3 Bb4 4. cxd5 exd5 5. a3 Bxc3+ 6. bxc3 Nf6 7. e3 Ne4 8.
Bd3 Qg5 9. g3 Qe7 10. a4 c5 11. Ba3 O-O 12. Qh5 f5 13. Nf3 Nd7 14. dxc5 Ndxc5
15. O-O b6 16. Nd4 Qf6 17. Bb5 Bb7 18. a5 Rac8 19. axb6 axb6 20. Bb4 g5 21. Ra7
Rf7 22. f3 Nd6 23. h4 Rg7 24. hxg5 Rxg5 25. Qh4 Qg6 26. Bd7 Rxg3+ 27. Kh1 Rg5
28. Qxg5 Qxg5 29. Rg1 Qxg1+ 30. Kxg1 Ra8 31. Rxa8+ Bxa8 32. Nxf5 Nxd7 33. Bxd6
Kf7 34. Nd4 Bb7 35. Kf2 Ba6 36. Kg3 Bd3 37. Kf4 h6 38. Bc7 b5 39. Bd8 Ke8 40.
Bh4 Kf7 41. Nf5 Bxf5 42. Kxf5 Nb6 43. Ke5 Nc4+ 44. Kxd5 Nxe3+ 45. Kc5 Nf5 46.
Bf2 h5 47. Kxb5 h4 48. Bxh4 Nxh4 1/2-1/2

[Event "FIDE World Rapid 2014"]
[Site "Dubai UAE"]
[Date "2014.06.18"]
[Round "14.11"]
[White "Guseinov, Gadir"]
[Black "Mamedov, Rauf"]
[Result "1/2-1/2"]
[WhiteTitle "GM"]
[BlackTitle "GM"]
[WhiteElo "2613"]
[BlackElo "2659"]
[WhiteFideId "13401378"]
[BlackFideId "13401653"]
[EventDate "2014.06.16"]

1. e4 e5 2. Nf3 Nc6 3. Bb5 Nf6 4. O-O Nxe4 5. d4 Nd6 6. dxe5 Nxb5 7. a4 Nbd4 8.
Nxd4 d5 9. exd6 Bxd6 10. Nxc6 bxc6 11. Nc3 O-O 12. Qf3 Bd7 13. Ne4 Qh4 14. Nxd6
cxd6 15. Qf4 Qxf4 16. Bxf4 d5 17. Rfe1 Rfe8 18. f3 Rxe1+ 19. Rxe1 Re8 20. Rxe8+
Bxe8 21. a5 a6 22. b4 f6 23. Kf2 Bg6 24. c3 Bd3 25. h4 h5 26. Be3 Kf7 27. Bc5 g5
28. hxg5 fxg5 29. Bb6 g4 30. fxg4 hxg4 31. g3 Ke6 32. Ke3 Bb5 33. Kf2 Bd3 34.
Ke3 Bb5 35. Kf2 Bd3 1/2-1/2

[Event "FIDE World Rapid 2014"]
[Site "Dubai UAE"]
[Date "2014.06.18"]
[Round "14.12"]
[White "Fedoseev, Vladimir3"]
[Black "Movsesian, Sergei"]
[Result "0-1"]
[WhiteTitle "GM"]
[BlackTitle "GM"]
[WhiteElo "2662"]
[BlackElo "2672"]
[WhiteFideId "24130737"]
[BlackFideId "310204"]
[EventDate "2014.06.16"]

1. d4 Nf6 2. c4 e6 3. Nc3 Bb4 4. e3 O-O 5. Bd3 d5 6. Nf3 c5 7. O-O cxd4 8. exd4
dxc4 9. Bxc4 b6 10. Qe2 Bb7 11. Rd1 Nbd7 12. Bg5 Bxc3 13. bxc3 Qc7 14. Nd2 Nd5
15. Qg4 N7f6 16. Qh4 h6 17. Bxf6 Nxf6 18. Re1 b5 19. Bxb5 Qxc3 20. Nb3 Bd5 21.
Nc5 Rab8 22. a4 Rfd8 23. Rac1 Qa5 24. Re3 Rbc8 25. Rf1 Ba8 26. Rg3 Kh8 27. Rd3
Rd5 28. Rfd1 Rcd8 29. Qf4 Rf5 30. Qc1 Qc7 31. Na6 Qb7 32. f3 Nd5 33. Rb3 Qe7 34.
Bf1 Rh5 35. g3 Rf5 36. Bh3 Rf6 37. Nc5 e5 38. Ne4 Rc6 39. Qa1 Nb4 40. dxe5 Nc2
41. Rxd8+ Qxd8 42. Qb2 Qd1+ 43. Bf1 Nd4 44. Rb8+ Kh7 45. Rxa8 0-1

[Event "FIDE World Rapid 2014"]
[Site "Dubai UAE"]
[Date "2014.06.18"]
[Round "14.13"]
[White "Meier, Georg"]
[Black "Malakhov, Vladimir"]
[Result "1-0"]
[WhiteTitle "GM"]
[BlackTitle "GM"]
[WhiteElo "2632"]
[BlackElo "2694"]
[WhiteFideId "4675789"]
[BlackFideId "4120787"]
[EventDate "2014.06.16"]

1. Nf3 c5 2. c4 Nf6 3. Nc3 e6 4. g3 b6 5. Bg2 Bb7 6. O-O Be7 7. d4 cxd4 8. Qxd4
d6 9. Bg5 a6 10. Bxf6 Bxf6 11. Qf4 O-O 12. Rfd1 Be7 13. Ne4 Bxe4 14. Qxe4 Ra7
15. Nd4 Rc7 16. b3 Re8 17. Rac1 Qc8 18. Qb1 Nd7 19. e3 Bf8 20. h3 h6 21. Rc2 Nf6
22. Rdd2 Qd7 23. a4 Rec8 24. Qd1 Qe8 25. Kh2 Nd7 26. Qh1 Nc5 27. b4 Nd7 28. Bb7
Ne5 29. Bxa6 Ra8 30. Bb5 Qc8 31. f4 Ng6 32. Bc6 Ra6 33. Bb5 Ra8 34. Nc6 Ne7 35.
Rxd6 Nxc6 36. Rxc6 Rxc6 37. Qxc6 Bxb4 38. Qxb6 Bc5 39. Qc6 Bxe3 40. Qxc8+ Rxc8
41. a5 Kf8 42. Kg2 Ke7 43. Kf3 Bc5 44. a6 Rd8 45. Ke2 Rd4 46. Ra2 Ba7 47. Rb2
Re4+ 48. Kd2 Rd4+ 49. Kc3 Rd1 50. Kb4 Kd6 51. Be8 f5 52. Ka5 Bd4 53. Rb6+ Ke7
54. Ba4 Ra1 55. Rb7+ Kd6 56. Rd7+ Kc5 57. Rxd4 1-0

[Event "FIDE World Rapid 2014"]
[Site "Dubai UAE"]
[Date "2014.06.18"]
[Round "14.14"]
[White "Van Wely, Loek"]
[Black "Cheparinov, Ivan"]
[Result "1/2-1/2"]
[WhiteTitle "GM"]
[BlackTitle "GM"]
[WhiteElo "2654"]
[BlackElo "2682"]
[WhiteFideId "1000268"]
[BlackFideId "2905540"]
[EventDate "2014.06.16"]

1. d4 Nf6 2. c4 g6 3. Nc3 Bg7 4. e4 d6 5. Nf3 O-O 6. Be2 e5 7. Be3 exd4 8. Nxd4
Re8 9. f3 c6 10. Bf2 d5 11. exd5 cxd5 12. c5 Nc6 13. O-O Bf8 14. Kh1 Bd7 15. Rc1
Rc8 16. Ndb5 Bf5 17. Na4 d4 18. Nxd4 Nxd4 19. Bxd4 Rxe2 20. Bxf6 Qxd1 21. Rfxd1
Bc2 22. Rd4 Bh6 23. Ra1 Rce8 24. h4 R2e6 25. Bg5 Bg7 26. Rc4 Bd3 27. Rb4 h6 28.
Bf4 Ba6 29. Nc3 Bxc3 30. bxc3 Kg7 31. a4 Re2 32. Rd1 Rc2 33. Re4 Rxe4 34. fxe4
g5 35. hxg5 hxg5 36. Be5+ Kg6 37. Rd6+ f6 38. Rxf6+ Kh5 39. Rf7 Re2 40. Bd4 Rxe4
41. c6 bxc6 42. Rxa7 Bc4 43. Rb7 Re2 44. Kg1 Kg4 45. Ba7 Rc2 46. a5 Rxc3 47. Rb4
Kf5 48. Ra4 g4 49. Bb8 Ba6 50. Kh2 c5 51. Rf4+ Kg5 52. Rf8 Ra3 53. Bc7 Ra2 54.
Bf4+ Kg6 55. Kg3 Rxa5 56. Kxg4 1/2-1/2

[Event "FIDE World Rapid 2014"]
[Site "Dubai UAE"]
[Date "2014.06.18"]
[Round "14.15"]
[White "Yudin, Sergei"]
[Black "Harikrishna, Pentala"]
[Result "1-0"]
[WhiteTitle "GM"]
[BlackTitle "GM"]
[WhiteElo "2546"]
[BlackElo "2726"]
[WhiteFideId "4159659"]
[BlackFideId "5007003"]
[EventDate "2014.06.16"]

1. e4 e5 2. Nf3 Nc6 3. Bc4 Bc5 4. d3 Nf6 5. Nbd2 O-O 6. O-O h6 7. h3 a6 8. Bb3
d6 9. c3 Re8 10. Re1 Be6 11. Nf1 Bxb3 12. Qxb3 b5 13. Ng3 d5 14. exd5 Qxd5 15.
Ne4 Qxb3 16. Nxf6+ gxf6 17. axb3 Kh7 18. b4 Bf8 19. Be3 f5 20. d4 f4 21. Bd2 e4
22. Nh4 Be7 23. Nf5 Bg5 24. h4 Kg6 25. g4 fxg3 26. hxg5 Kxf5 27. gxh6 Rg8 28.
Kg2 gxf2+ 29. Kxf2 Ne7 30. Rh1 Rg6 31. Rae1 Rf6 32. Rh4 Kg6+ 33. Ke2 Kh7 34.
Rxe4 Nd5 35. Rg1 Rg8 36. Rxg8 Kxg8 37. b3 Kh7 38. c4 Nb6 39. d5 bxc4 40. bxc4
Rg6 41. Be3 Nc8 42. c5 Rg8 43. Bf4 Rd8 44. Re5 Rd7 45. Kf3 Rd8 46. Rf5 Rd7 47.
Kg4 Re7 48. Bg5 Re4+ 49. Kh5 Kg8 50. h7+ Kxh7 51. Rxf7+ Kg8 52. Rxc7 Re8 53. d6 1-0

[Event "FIDE World Rapid 2014"]
[Site "Dubai UAE"]
[Date "2014.06.18"]
[Round "14.16"]
[White "Fressinet, Laurent"]
[Black "Vitiugov, Nikita"]
[Result "1/2-1/2"]
[WhiteTitle "GM"]
[BlackTitle "GM"]
[WhiteElo "2717"]
[BlackElo "2742"]
[WhiteFideId "608742"]
[BlackFideId "4152956"]
[EventDate "2014.06.16"]

1. Nf3 c5 2. e4 e6 3. g3 Nc6 4. Bg2 Nf6 5. d3 d5 6. Nbd2 g6 7. O-O Bg7 8. c3 O-O
9. Re1 a5 10. a4 b6 11. exd5 exd5 12. Nf1 h6 13. Bf4 Nh5 14. Ne5 Bb7 15. Nxc6
Bxc6 16. Be5 Bxe5 17. Rxe5 Qd6 18. d4 Rfe8 19. Qd2 Kg7 20. Rae1 Nf6 21. Qf4 cxd4
22. Qxd4 Qc5 23. Qf4 Qd6 24. b3 Rxe5 25. Qxe5 Qxe5 26. Rxe5 Rc8 27. Nd2 Bd7 28.
Re3 Ng4 29. Rd3 Bf5 30. Rxd5 Rxc3 31. h3 Rc1+ 32. Nf1 Nf6 33. Rd6 Rb1 34. Rxb6
Bc2 35. Rb5 Bxb3 36. Rxa5 Ra1 37. Rb5 Bxa4 38. Ra5 Ra2 39. Ne3 Bb3 40. Rxa2 Bxa2
41. f4 h5 42. Kf2 Kf8 43. Bf3 Be6 44. Bg2 Ba2 45. Bf3 Be6 46. Bg2 Ba2 1/2-1/2

[Event "FIDE World Rapid 2014"]
[Site "Dubai UAE"]
[Date "2014.06.18"]
[Round "14.20"]
[White "Vachier-Lagrave, Maxime"]
[Black "Najer, Evgeniy"]
[Result "1-0"]
[WhiteTitle "GM"]
[BlackTitle "GM"]
[WhiteElo "2762"]
[BlackElo "2653"]
[WhiteFideId "623539"]
[BlackFideId "4118987"]
[EventDate "2014.06.16"]

1. e4 c6 2. d4 d5 3. e5 c5 4. dxc5 Nc6 5. Bb5 e6 6. Be3 Ne7 7. Nf3 Nf5 8. Bd4
Qa5+ 9. Nc3 Bd7 10. a3 Nfxd4 11. Nxd4 Nxe5 12. b4 Qd8 13. O-O Bxb5 14. Ndxb5 Be7
15. Re1 Nc4 16. Qe2 a6 17. Nd4 Bf6 18. Nxe6 fxe6 19. Qxe6+ Kf8 20. Rad1 Qc8 21.
Qxd5 Bxc3 22. Re6 Ne5 23. Qb3 Nf7 24. h4 h5 25. Rb6 Be5 26. Qf3 Rb8 27. Rd5 Kg8
28. Qb3 Bf6 29. Qg3 Qe8 30. Rxf6 Qe1+ 31. Kh2 Rf8 32. Rd7 Qa1 33. c3 Qa2 34.
Rxb7 Qc4 35. c6 Kh7 36. Rg6 Rhg8 37. Re7 Kh8 38. c7 Kh7 39. a4 Kh8 40. b5 axb5
41. axb5 Qd5 42. b6 Nh6 43. b7 1-0

[Event "FIDE World Rapid 2014"]
[Site "Dubai UAE"]
[Date "2014.06.18"]
[Round "14.21"]
[White "Salgado Lopez, Ivan"]
[Black "Wojtaszek, Radoslaw"]
[Result "1-0"]
[WhiteTitle "GM"]
[BlackTitle "GM"]
[WhiteElo "2622"]
[BlackElo "2715"]
[WhiteFideId "2257327"]
[BlackFideId "1118358"]
[EventDate "2014.06.16"]

1. e4 c5 2. c3 d5 3. exd5 Qxd5 4. Nf3 Nf6 5. d4 e6 6. Na3 Nc6 7. Be3 cxd4 8. Nb5
Qd7 9. Nbxd4 Nd5 10. Bd2 Bd6 11. Nxc6 Qxc6 12. Nd4 Qb6 13. Bb5+ Kf8 14. O-O Qc7
15. c4 Nf6 16. c5 Bxh2+ 17. Kh1 Be5 18. Bb4 Nd5 19. Ba3 Kg8 20. Re1 h5 21. Nf5
Bf6 22. Ne3 Bd7 23. Nxd5 exd5 24. Bxd7 Qxd7 25. Qf3 Rd8 26. Rad1 h4 27. b4 Rh6
28. Bc1 Rg6 29. Bf4 Qg4 30. Bc7 Rd7 31. Bd6 Qxf3 32. gxf3 Rg5 33. f4 Rf5 34.
Re8+ Kh7 35. b5 d4 36. Kg2 Rd5 37. Rd3 Kg6 38. Kf3 Kf5 39. c6 bxc6 40. bxc6
R7xd6 41. c7 Rc6 42. c8=Q+ Rxc8 43. Rxc8 Ra5 44. a3 a6 45. Rc7 Kg6 46. Kg4 Rb5
47. Rc6 a5 48. Rxd4 Rb2 49. Rd5 Rb8 50. Rh5 1-0

[Event "FIDE World Rapid 2014"]
[Site "Dubai UAE"]
[Date "2014.06.18"]
[Round "14.23"]
[White "Riazantsev, Alexander"]
[Black "Ragger, Markus"]
[Result "1/2-1/2"]
[WhiteTitle "GM"]
[BlackTitle "GM"]
[WhiteElo "2692"]
[BlackElo "2632"]
[WhiteFideId "4125029"]
[BlackFideId "1610856"]
[EventDate "2014.06.16"]

1. d4 d5 2. c4 c6 3. Nf3 Nf6 4. e3 Bg4 5. h3 Bh5 6. g4 Bg6 7. Ne5 Nbd7 8. Nxg6
hxg6 9. g5 Ne4 10. Qb3 Qb6 11. cxd5 Qxb3 12. axb3 cxd5 13. Nc3 e6 14. Nxe4 dxe4
15. Bg2 f5 16. gxf6 Nxf6 17. f3 Rh4 18. Bd2 a6 19. Ke2 Rh5 20. fxe4 Rb5 21. e5
Nd5 22. Bxd5 exd5 23. Rhg1 Rxb3 24. Bc3 Rb6 25. Rg2 Rc8 26. Kd3 Bb4 27. Rc2 Be7
28. Ra5 Rb3 29. Rxd5 b5 30. Rg2 a5 31. Ke4 a4 32. Ba5 Rc6 33. h4 Bxh4 34. Rd6
Rxd6 35. exd6 Kd7 36. Rxg6 Bf6 37. Kd5 Rxe3 38. Rg2 Rd3 39. Bb6 Rh3 40. Bc5 Rh5+
41. Ke4 Rh4+ 42. Kd5 Rh5+ 43. Ke4 Rh4+ 44. Kd5 Rh5+ 45. Ke4 Ke6 46. Re2 Rh4+ 47.
Kd3+ Kd7 48. Kc3 Rh3+ 49. Kb4 Rb3+ 50. Ka5 Bd8+ 51. Ka6 b4 52. Kb5 a3 53. bxa3
bxa3+ 54. Ka4 Rb2 55. Re1 a2 56. Ra1 Bg5 57. Ka3 Bc1 58. Ka4 Be3 59. Ka3 Rd2 60.
Bb4 Rc2 61. Rxa2 Rxa2+ 62. Kxa2 g5 63. Kb3 g4 64. Be1 Kxd6 65. Kc4 Ke6 66. Kd3
Bxd4 67. Kxd4 g3 68. Bxg3 1/2-1/2

[Event "FIDE World Rapid 2014"]
[Site "Dubai UAE"]
[Date "2014.06.18"]
[Round "14.24"]
[White "Kryvoruchko, Yuriy"]
[Black "Amin, Bassem"]
[Result "1-0"]
[WhiteTitle "GM"]
[BlackTitle "GM"]
[WhiteElo "2707"]
[BlackElo "2635"]
[WhiteFideId "14109182"]
[BlackFideId "10601457"]
[EventDate "2014.06.16"]

1. e4 e5 2. Nf3 Nc6 3. Nc3 Nf6 4. d4 exd4 5. Nxd4 Bb4 6. Nxc6 bxc6 7. Bd3 d5 8.
exd5 Qe7+ 9. Qe2 Qxe2+ 10. Kxe2 cxd5 11. Nb5 Kd8 12. Bf4 Re8+ 13. Kf1 Ba5 14.
Nd4 Bd7 15. Nf5 Bxf5 16. Bxf5 Rb8 17. b3 Bc3 18. Rd1 h6 19. g3 d4 20. Bd2 Bxd2
21. Rxd2 c5 22. c3 Re5 23. Bc2 Rd5 24. Kg2 Kc7 25. cxd4 cxd4 26. Rhd1 Rbd8 27.
Bd3 Kb6 28. b4 R5d6 29. Bc4 Ne4 30. Rd3 Nc3 31. Re1 f6 32. a3 Rc8 33. Bb3 Nb5
34. a4 Rc3 35. Rxc3 Nxc3 36. Re7 d3 37. a5+ Kb5 38. Rb7+ Ka6 39. Rb8 Rd4 40. Be6
Rxb4 41. Rxb4 d2 42. Bb3 d1=Q 43. Bxd1 Nxd1 44. Rb3 Kxa5 45. Ra3+ 1-0

[Event "FIDE World Rapid 2014"]
[Site "Dubai UAE"]
[Date "2014.06.18"]
[Round "14.25"]
[White "Antipov, Mikhail Al."]
[Black "Potkin, Vladimir"]
[Result "1-0"]
[WhiteTitle "GM"]
[BlackTitle "GM"]
[WhiteElo "2502"]
[BlackElo "2621"]
[WhiteFideId "4107012"]
[BlackFideId "4131061"]
[EventDate "2014.06.16"]

1. e4 c5 2. Nf3 e6 3. b3 b6 4. Bb2 Bb7 5. Qe2 Nc6 6. Nc3 Be7 7. O-O-O Nd4 8. Qe3
Nxf3 9. gxf3 Nf6 10. Rg1 Rg8 11. f4 Qc7 12. Bg2 a6 13. Bf3 d5 14. exd5 exd5 15.
d4 O-O-O 16. Kb1 c4 17. Rg5 b5 18. Re1 Bd6 19. Bxd5 Bxf4 20. Bxb7+ Kb8 21. Qf3
Bxg5 22. Bxa6 Rge8 23. Rg1 Bd2 24. Bxb5 Bxc3 25. Bxc3 cxb3 26. axb3 Re6 27. Kb2
Ne4 28. Bc4 Re7 29. Ra1 g6 30. Bb4 Ree8 31. Bc5 f5 32. Ra6 Rd7 33. Bb5 Red8 34.
Rb6+ 1-0